<?xml version="1.0" encoding="UTF-8"?>
<record
    xmlns:xsi="http://www.w3.org/2001/XMLSchema-instance"
    xsi:schemaLocation="http://www.loc.gov/MARC21/slim http://www.loc.gov/standards/marcxml/schema/MARC21slim.xsd"
    xmlns="http://www.loc.gov/MARC21/slim">

  <leader>01416nam a22002657a 4500</leader>
  <controlfield tag="008">100809s2002    xxu||||| |||| 00| 0 ara d</controlfield>
  <datafield tag="082" ind1=" " ind2=" ">
    <subfield code="2">22</subfield>
    <subfield code="a">210.91531</subfield>
    <subfield code="b">&#x637; &#x647;&#x640; &#x637;</subfield>
  </datafield>
  <datafield tag="100" ind1="1" ind2=" ">
    <subfield code="9">17311</subfield>
    <subfield code="a">&#x627;&#x644;&#x637;&#x647;&#x637;&#x627;&#x648;&#x649; &#x60C; &#x631;&#x641;&#x627;&#x639;&#x629;</subfield>
  </datafield>
  <datafield tag="245" ind1=" " ind2=" ">
    <subfield code="a">&#x627;&#x644;&#x645;&#x631;&#x634;&#x62F; &#x627;&#x644;&#x623;&#x645;&#x64A;&#x646; &#x644;&#x644;&#x628;&#x646;&#x627;&#x62A; &#x648;&#x627;&#x644;&#x628;&#x646;&#x64A;&#x646; /</subfield>
    <subfield code="c">&#x631;&#x641;&#x627;&#x639;&#x629; &#x627;&#x644;&#x637;&#x647;&#x637;&#x627;&#x648;&#x649; &#x61B; &#x62A;&#x642;&#x62F;&#x64A;&#x645; &#x639;&#x645;&#x627;&#x62F; &#x628;&#x62F;&#x631; &#x627;&#x644;&#x62F;&#x64A;&#x646; &#x623;&#x628;&#x648;&#x63A;&#x627;&#x632;&#x649;</subfield>
  </datafield>
  <datafield tag="260" ind1=" " ind2=" ">
    <subfield code="a">&#x627;&#x644;&#x642;&#x627;&#x647;&#x631;&#x629; :</subfield>
    <subfield code="b">&#x627;&#x644;&#x647;&#x64A;&#x626;&#x629; &#x627;&#x644;&#x639;&#x627;&#x645;&#x629; &#x644;&#x634;&#x626;&#x648;&#x646; &#x627;&#x644;&#x645;&#x637;&#x627;&#x628;&#x639; &#x627;&#x644;&#x623;&#x645;&#x64A;&#x631;&#x64A;&#x629; &#x60C;</subfield>
    <subfield code="c">2002.</subfield>
  </datafield>
  <datafield tag="300" ind1=" " ind2=" ">
    <subfield code="a">395 &#x635; &#x61B;</subfield>
    <subfield code="c">24 &#x633;&#x645;.</subfield>
  </datafield>
  <datafield tag="490" ind1=" " ind2=" ">
    <subfield code="9">17313</subfield>
    <subfield code="a">&#x627;&#x644;&#x645;&#x62C;&#x644;&#x633; &#x627;&#x644;&#x627;&#x639;&#x644;&#x649; &#x644;&#x644;&#x62B;&#x642;&#x627;&#x641;&#x629;</subfield>
  </datafield>
  <datafield tag="541" ind1=" " ind2=" ">
    <subfield code="a">&#x623;&#x644;&#x641; &#x628;&#x627;&#x621; &#x61B;</subfield>
    <subfield code="c">&#x634;&#x631;&#x627;&#x621; &#x61B;</subfield>
  </datafield>
  <datafield tag="650" ind1=" " ind2="0">
    <subfield code="9">17314</subfield>
    <subfield code="a">&#x627;&#x644;&#x625;&#x633;&#x644;&#x627;&#x645;</subfield>
    <subfield code="x">&#x645;&#x628;&#x627;&#x62F;&#x626; &#x639;&#x627;&#x645;&#x629;</subfield>
  </datafield>
  <datafield tag="650" ind1=" " ind2="0">
    <subfield code="9">23868</subfield>
    <subfield code="a">&#x627;&#x644;&#x632;&#x648;&#x627;&#x62C;</subfield>
  </datafield>
  <datafield tag="650" ind1=" " ind2="0">
    <subfield code="9">8324</subfield>
    <subfield code="a">&#x627;&#x644;&#x62A;&#x631;&#x628;&#x64A;&#x629; &#x627;&#x644;&#x627;&#x633;&#x644;&#x627;&#x645;&#x64A;&#x629;</subfield>
  </datafield>
  <datafield tag="650" ind1=" " ind2="0">
    <subfield code="9">15411</subfield>
    <subfield code="a">&#x627;&#x644;&#x623;&#x633;&#x631;&#x629; &#x641;&#x649; &#x627;&#x644;&#x625;&#x633;&#x644;&#x627;&#x645;</subfield>
  </datafield>
  <datafield tag="650" ind1=" " ind2="0">
    <subfield code="9">27129</subfield>
    <subfield code="a">&#x627;&#x644;&#x623;&#x637;&#x641;&#x627;&#x644; &#x641;&#x649; &#x627;&#x644;&#x625;&#x633;&#x644;&#x627;&#x645;</subfield>
  </datafield>
  <datafield tag="650" ind1=" " ind2="0">
    <subfield code="9">17315</subfield>
    <subfield code="a">&#x627;&#x644;&#x625;&#x633;&#x644;&#x627;&#x645;</subfield>
    <subfield code="x">&#x637;&#x631;&#x642; &#x627;&#x644;&#x62A;&#x62F;&#x631;&#x64A;&#x633;</subfield>
  </datafield>
  <datafield tag="653" ind1=" " ind2=" ">
    <subfield code="b">General</subfield>
    <subfield code="c">September2011</subfield>
  </datafield>
  <datafield tag="700" ind1=" " ind2=" ">
    <subfield code="9">17312</subfield>
    <subfield code="a">&#x623;&#x628;&#x648; &#x63A;&#x627;&#x632;&#x649; &#x60C; &#x639;&#x645;&#x627;&#x62F; &#x628;&#x62F;&#x631; &#x627;&#x644;&#x62F;&#x64A;&#x646;</subfield>
  </datafield>
  <datafield tag="942" ind1=" " ind2=" ">
    <subfield code="2">ddc</subfield>
    <subfield code="c">BB</subfield>
  </datafield>
  <datafield tag="999" ind1=" " ind2=" ">
    <subfield code="c">14650</subfield>
    <subfield code="d">14650</subfield>
  </datafield>
  <datafield tag="952" ind1=" " ind2=" ">
    <subfield code="0">0</subfield>
    <subfield code="1">0</subfield>
    <subfield code="2">ddc</subfield>
    <subfield code="4">0</subfield>
    <subfield code="7">0</subfield>
    <subfield code="8">Alef-Baa</subfield>
    <subfield code="a">MAIN</subfield>
    <subfield code="b">MAIN</subfield>
    <subfield code="c">LOW</subfield>
    <subfield code="d">2010-08-09</subfield>
    <subfield code="e">purchase</subfield>
    <subfield code="o">210.91531 &#x637; &#x647;&#x640; &#x637;</subfield>
    <subfield code="p">000021685</subfield>
    <subfield code="r">2025-07-15 00:00:00</subfield>
    <subfield code="y">BB</subfield>
  </datafield>
  <datafield tag="952" ind1=" " ind2=" ">
    <subfield code="0">0</subfield>
    <subfield code="1">0</subfield>
    <subfield code="2">ddc</subfield>
    <subfield code="4">0</subfield>
    <subfield code="7">0</subfield>
    <subfield code="8">Alef-Baa</subfield>
    <subfield code="a">MAIN</subfield>
    <subfield code="b">MAIN</subfield>
    <subfield code="c">LOW</subfield>
    <subfield code="d">2011-09-12</subfield>
    <subfield code="e">purchase</subfield>
    <subfield code="o">210.91531 &#x637; &#x647;&#x640; &#x637;</subfield>
    <subfield code="p">000024635</subfield>
    <subfield code="r">2025-07-15 00:00:00</subfield>
    <subfield code="y">BB</subfield>
  </datafield>
</record>
